<?xml version="1.0" encoding="UTF-8"?>
<record
    xmlns:xsi="http://www.w3.org/2001/XMLSchema-instance"
    xsi:schemaLocation="http://www.loc.gov/MARC21/slim http://www.loc.gov/standards/marcxml/schema/MARC21slim.xsd"
    xmlns="http://www.loc.gov/MARC21/slim">

  <leader>00644nam a2200169 i 4500</leader>
  <controlfield tag="001">68129</controlfield>
  <controlfield tag="003">ES-MaACL</controlfield>
  <controlfield tag="005">20230906170217.0</controlfield>
  <controlfield tag="007">t|</controlfield>
  <controlfield tag="008">040610s1920    sp           ||||1| spa d</controlfield>
  <datafield tag="245" ind1="0" ind2="4">
    <subfield code="a">Las garantias jur&#xED;dicas de la vida </subfield>
    <subfield code="b">: trabajo de investigaci&#xF3;n, cr&#xED;tico y estad&#xED;stico por los alumnos de Derecho Natural / </subfield>
    <subfield code="c">pr&#xF3;logo de F[ernando] P&#xE9;rez Bueno.</subfield>
  </datafield>
  <datafield tag="260" ind1=" " ind2=" ">
    <subfield code="a">Madrid : </subfield>
    <subfield code="b">Bass y Cia, </subfield>
    <subfield code="c">1920.</subfield>
  </datafield>
  <datafield tag="300" ind1=" " ind2=" ">
    <subfield code="a">350 p. : </subfield>
    <subfield code="b">il. ; </subfield>
    <subfield code="c">27 cm.</subfield>
  </datafield>
  <datafield tag="500" ind1=" " ind2=" ">
    <subfield code="a">Precede al t&#xED;t.: Universidad de Madrid. (Facultad de Derecho)</subfield>
  </datafield>
  <datafield tag="710" ind1="2" ind2=" ">
    <subfield code="a">Universidad de Madrid. </subfield>
    <subfield code="b">Facultad de Derecho.</subfield>
    <subfield code="9">7212</subfield>
  </datafield>
  <datafield tag="852" ind1=" " ind2=" ">
    <subfield code="a">ES-MaACL</subfield>
    <subfield code="j">B-11474</subfield>
  </datafield>
  <datafield tag="999" ind1=" " ind2=" ">
    <subfield code="c">68129</subfield>
    <subfield code="d">68129</subfield>
  </datafield>
  <datafield tag="952" ind1=" " ind2=" ">
    <subfield code="0">0</subfield>
    <subfield code="1">0</subfield>
    <subfield code="4">0</subfield>
    <subfield code="7">0</subfield>
    <subfield code="a">ATENEOM</subfield>
    <subfield code="b">ATENEOM</subfield>
    <subfield code="c">SPB</subfield>
    <subfield code="d">2008-01-17</subfield>
    <subfield code="e">SC</subfield>
    <subfield code="l">0</subfield>
    <subfield code="o">B-11474</subfield>
    <subfield code="p">1071323</subfield>
    <subfield code="r">2023-02-23 00:00:00</subfield>
    <subfield code="w">2023-02-23</subfield>
    <subfield code="y">MONOGRAFIA</subfield>
  </datafield>
</record>
